How to Draw Manga #6 /

Antarctic Press continues its series of How To Draw Manga guidebooks! Ben Dunn, Fred Perry, and Joe Wight continue to present a comprehensive guide in mastering the manga style and will emphasize layout in this issue. Each featured artist will have his own exclusive special comments. Some topics we...

Full description

Bibliographic Details
Corporate Author: Library Pass, LLC
Other Authors: Perry, Fred (writer.)
Format: eBook
Language:English
Published: [United States] : Antarctic Press, 2011.
Subjects:
Online Access:Connect to this electronic book (First time users create your free account)

MARC

Tag First Indicator Second Indicator Subfields
LEADER 00000nmm a22000001a 4500
001 in00004616913
006 m|||||o||m||||||||
007 cr|cn |||uuuuu
008 221118s2011 xxu||||eo|||| ||||||eng d
005 20221207215026.1
035 |a (TxWaIVM)IV6374AnHo 
040 |a TxWaIVM  |c TxWaIVM 
245 0 0 |a How to Draw Manga #6 /  |c powered by Library Pass. 
260 3 |a [United States] :  |b Antarctic Press,  |c 2011. 
300 |a 1 online resource. 
336 |a text  |b txt  |2 rdacontent 
337 |a computer  |b c  |2 rdamedia 
338 |a online resource  |b cr  |2 rdacarrier 
520 |a Antarctic Press continues its series of How To Draw Manga guidebooks! Ben Dunn, Fred Perry, and Joe Wight continue to present a comprehensive guide in mastering the manga style and will emphasize layout in this issue. Each featured artist will have his own exclusive special comments. Some topics we will cover in the series are advanced figure study, costumes, mecha, comic storytelling, and composition. If you don't get it... you'll regret it! 
521 |a 4 
538 |a Requires a valid library card and registration for new users. 
538 |a Mode of access: World Wide Web. 
538 |a System requirements: Flash 10.1 or higher, Windows XP and higher, Internet Explorer 7 and higher, Firefox 3.6 and higher, Google Chrome; Max OS 10.5 and higher, Safari 4 and higher. 
650 0 |a Doujinshi (deactivated) 
655 7 |a Electronic books.  |2 local 
655 7 |a Doujinshi (deactivated)  |2 gsafd 
650 0 |a Comic books, strips, etc. --Education 
655 7 |a Comic books, strips, etc. --Education  |2 gsafd 
650 0 |a Gakushū 
655 7 |a Gakushū  |2 gsafd 
650 0 |a Comic books, strips, etc. 
655 7 |a Comic books, strips, etc.  |2 gsafd 
650 0 |a Techniques 
655 7 |a Techniques  |2 gsafd 
650 0 |a S.T.E.M./S.T.E.A.M. 
655 7 |a S.T.E.M./S.T.E.A.M.  |2 gsafd 
700 1 |a Perry, Fred.  |e writer. 
700 1 |a Dunn , Ben.  |e artist. 
700 1 |a Perry , Fred.  |e artist. 
700 1 |a Wright, Joseph.  |e artist. 
710 2 |a Library Pass, LLC. 
856 4 0 |u http://proxy.library.tamu.edu/login?url=https://tamu.librarypass.com/product/com.iversecomics.antarctic.press.how.to.draw.manga.six.09302011  |z Connect to this electronic book (First time users create your free account)  |t 0 
955 |a Comics Plus. 
999 f f |s db6dedb1-9ed5-4b1a-95df-3e3aecaec92d  |i 4baeac5b-5999-4bdc-b6f7-c228658ecc01  |t 0 
952 f f |a Texas A&M University  |b College Station  |c Electronic Resources  |d Available Online  |t 0  |h Library of Congress classification 
998 f f |t 0  |l Available Online